Pan, Christoph, 1938-. Handbuch der europäischen Volksgruppen ; [1] . - Wien : Braumüller. - 2000 [Rezension]
| Titel: | Pan, Christoph, 1938-. Handbuch der europäischen Volksgruppen ; [1] . - Wien : Braumüller. - 2000 [Rezension] |
|---|---|
| Verfasser: | |
| In: |
Sorbisches Institut: Lětopis, Band 48, Heft 2 (2001), Seite 125-127 alle Artikel anzeigen |
| Veröffentlicht: | 2001 |
| Format: | Aufsatz |
| Sprache: | Deutsch |
X
alg: 39500896 001A $01999:12-11-16 001B $01999:04-08-21 $t21:01:58.000 001D $01999:12-11-16 001U $0utf8 001X $00 002@ $0Aox 003@ $0395008964 007A $0395008964 $aHEB 007T $0Herd50129 010@ $ager 011@ $a2001 021A $aPan, Christoph, 1938-. Handbuch der europäischen Volksgruppen ; [1] . - Wien : Braumüller. - 2000 [Rezension] 028A $aElle $dLudwig 031A $d48 $e2 $h125-127 $j2001 039B $aIn $8--Abvc--Sorbisches Institut [Tb1]. Lětopis. - Bautzen : Domowina-Verl., 1992-. - ISSN 0943-2787 $x200100000480002875 $9048608750 039T $8--AFu--Pan, Christoph$Z1938- [Tp3]. Handbuch der europäischen Volksgruppen ; [1]. Die @Volksgruppen in Europa. - Wien : Braumüller, 2000. - XXIV, 302 S.. - graph. Darst., Kt.. - ISBN 3-7003-1313-6 $9091280168 045F $a900.94371 $eDDC23BSB 045F/01 $a900 045F/03 $g4371 045F/03 $g4798 045F/03 $g4793 045T $a10 $a8,1 $a9,10 lok: 39500896 78 exp: 39500896 78 1 #EPN 201B/01 $026-11-17 $t03:52:34.000 201U/01 $0utf8 203@/01 $0791307581 208@/01 $a12-11-16 $be 209A/01 $a/ $f000 $x00 220C/01 $aTitelaufnehmer: jk 244Z/01 $2Trx $#Poola $#Lenkija $#Polija $#Polen Land $#Poland $#Lengyelország $#Poľsko $#Polsko $8--Trx--Polska$gkraj $x01 $9391345966 244Z/01 $2Trx $#Slowakische Republik $#Szlovák Köztársaság $#Republika Słowacka $#Slovenská Republika $#Slovensko $#Slowakei $#Słowacja $#Slovensko $8--Trx--Slovenská Republika $x02 $9391345796 244Z/01 $#Tschechien $#Tschechische Republik $#Tschechische Republik $#Tschechenland $#Tschechei Tschechien $#Česká Republika $#Czech Republic $#ČR $74303381-7 $8--Tg1--Tschechien $x03 $9086659812 244Z/01 $2Trx $#Böhmen $#Bohemia $#Czechy $8--Trx--Čechy $x04 $9391188941 244Z/01 $2Trx $#Estija $#Igaunija $#Estland $#Estonia $#Estonia $#Estónsko $#Estonsko $8--Trx--Eesti $x05 $9391237225 244Z/01 $2Trx $#Litauen $#Lithuania $#Litwa $#Litva $#Litva $8--Trx--Lietuva $x06 $9391193457 244Z/01 $2Trx $#Latvija $#Lettland $#Łotwa $#Lotyšsko $8--Trx--Latvija $x07 $9391275879 244Z/01 $2Trx $#arvustused $#recenzijos $#Reviews $#recenziók $#recenzje $#recenzie $#recenze $8--Trx--Rezensionen $x08 $9391357441 247C/01 $82080>Marburg/Lahn, Herder-Institut, Forschungsbibliothek, Bibliographieportal $9336309341
| LEADER | 00000caa a22000002c 4500 | ||
|---|---|---|---|
| 001 | 395008964 | ||
| 003 | DE-603 | ||
| 005 | 20210804210158.0 | ||
| 007 | tu | ||
| 008 | 161112s2001 xx |||| | u00||u|ger c | ||
| 035 | |a (DE-599)HEB395008964 | ||
| 040 | |a DE-603 |b ger |c DE-603 |d DE-603 | ||
| 041 | |a ger | ||
| 082 | 0 | 4 | |8 1\u |a 900.94371 |q DE-101 |2 23/BSB |
| 084 | |a 10 |a 8,1 |a 9,10 |2 ssgn | ||
| 085 | |8 1\u |b 900 | ||
| 085 | |8 1\u |z 2 |s 4371 | ||
| 085 | |8 1\u |z 2 |s 4798 | ||
| 085 | |8 1\u |z 2 |s 4793 | ||
| 100 | 1 | |a Elle, Ludwig | |
| 245 | 0 | 0 | |a Pan, Christoph, 1938-. Handbuch der europäischen Volksgruppen ; [1] . - Wien : Braumüller. - 2000 [Rezension] |
| 264 | 0 | |c 2001 | |
| 773 | 0 | 8 | |i In |a Sorbisches Institut |t Lětopis |d Bautzen : Domowina-Verl., 1992- |h 24 cm |x 0943-2787 |g Band 48, Heft 2 (2001), Seite 125-127 |w (DE-603)048608750 |w (DE-600)1116990-4 |
| 787 | 0 | 8 | |i Rezension von |a Pan, Christoph, 1938- |t Die Volksgruppen in Europa |d Wien : Braumüller, 2000 |h XXIV, 302 S., graph. Darst., Kt. |z 3700313136 |w (DE-603)091280168 |
| 924 | 0 | |9 2080 |a (DE-603)791307581 |b DE-2080 |c HES |d d |g / | |


